Federal Justice Statistics Program: Charges Filed Against Defendants in Criminal Cases in District Court, 1999 (United States)

The data contain records of charges filed against defendants whose cases were filed by United States attorneys in United States district court during fiscal year 1999. The data are charge-level records, and more than one charge may be filed against a single defendant. The data were constructed from...

Ausführliche Beschreibung

Gespeichert in:  
Bibliographische Detailangaben
Körperschaft: USA. VerfasserIn (Verfasst von)
Medienart: Elektronisch Forschungsdaten Statistik
Sprache:Englisch
Veröffentlicht: [Erscheinungsort nicht ermittelbar] [Verlag nicht ermittelbar] 2009
In:Jahr: 2009
Online-Zugang: Volltext (kostenfrei)
Verfügbarkeit prüfen: HBZ Gateway
Schlagwörter:

MARC

LEADER 00000cam a22000002c 4500
001 1840052864
003 DE-627
005 20260320204226.0
007 cr uuu---uuuuu
008 230324s2009 xx |||||os 00| ||eng c
024 7 |a 10.3886/ICPSR24085.v2  |2 doi 
035 |a (DE-627)1840052864 
035 |a (DE-599)KXP1840052864 
040 |a DE-627  |b ger  |c DE-627  |e rda 
041 |a eng 
084 |a 2,1  |2 ssgn 
110 2 |a USA  |b Bureau of Justice Statistics  |e VerfasserIn  |0 (DE-588)128916-0  |0 (DE-627)102383049  |0 (DE-576)190702192  |4 aut 
245 1 0 |a Federal Justice Statistics Program: Charges Filed Against Defendants in Criminal Cases in District Court, 1999 (United States) 
264 1 |a [Erscheinungsort nicht ermittelbar]  |b [Verlag nicht ermittelbar]  |c 2009 
336 |a Text  |b txt  |2 rdacontent 
337 |a Computermedien  |b c  |2 rdamedia 
338 |a Online-Ressource  |b cr  |2 rdacarrier 
520 |a The data contain records of charges filed against defendants whose cases were filed by United States attorneys in United States district court during fiscal year 1999. The data are charge-level records, and more than one charge may be filed against a single defendant. The data were constructed from the Executive Office for United States Attorneys (EOUSA) Central Charge file. The charge-level data may be linked to defendant-level data (extracted from the EOUSA Central System file) through the CS_SEQ variable, and it should be noted that some defendants may not have any charges other than the lead charge appearing on the defendant-level record. The Central Charge and Central System data contain variables from the original EOUSA files as well as additional analysis variables, or "SAF" variables, that denote subsets of the data. These SAF variables are related to statistics reported in the Compendium of Federal Justice Statistics. Variables containing identifying information (e.g., name, Social Security Number) were replaced with blanks, and the day portions of date fields were also sanitized in order to protect the identities of individuals. These data are part of a series designed by the Urban Institute (Washington, DC) and the Bureau of Justice Statistics. Data and documentation were prepared by the Urban Institute. 
540 |a ICPSR Terms of Use 
650 0 7 |0 (DE-588)4142415-3  |0 (DE-627)105613363  |0 (DE-576)209718587  |a Angeklagter  |2 gnd 
650 0 7 |0 (DE-588)4331950-6  |0 (DE-627)148045499  |0 (DE-576)211326151  |a Bezirksgericht  |2 gnd 
650 0 7 |0 (DE-588)4057799-5  |0 (DE-627)10614944X  |0 (DE-576)209123745  |a Straftat  |2 gnd 
650 0 7 |0 (DE-588)4057803-3  |0 (DE-627)106149431  |0 (DE-576)209123753  |a Strafverfolgung  |2 gnd 
650 4 |a Defendants 
650 4 |a district courts 
650 4 |a Offenses 
650 4 |a Prosecution 
655 7 |a Statistik  |y 1999  |z USA  |0 (DE-588)4056995-0  |0 (DE-627)106152955  |0 (DE-576)209119799  |2 gnd-content 
655 7 |a Forschungsdaten  |0 (DE-588)1098579690  |0 (DE-627)857755366  |0 (DE-576)469182156  |2 gnd-content 
787 0 8 |i Forschungsdaten zu  |a Judge, Shana M.  |t Charging sex traffickers under federal law: What dispositions should we expect when applying theories on prosecutorial decision-making?  |d 2022  |w (DE-627)1912476703 
787 0 8 |i Forschungsdaten zu  |a Judge, Shana M.  |t The Demographic Characteristics of Federal Human Trafficking Defendants: Who Are the Offenders?  |d International Human Trafficking and Social Justice Conference, 2022  |w (DE-627)1912508397 
787 0 8 |i Forschungsdaten zu  |a Judge, Shana M.  |t The demographic characteristics of federal trafficking defendants: Who are the offenders?  |d 2022  |w (DE-627)1912508400 
787 0 8 |i Forschungsdaten zu  |a Judge, Shana M.  |t The Impact of the Trafficking Victims Protection Act of 2000 on Trends in Federal Sex Trafficking Cases  |d 2018  |w (DE-627)1726239373 
787 0 8 |i Forschungsdaten zu  |a Judge, Shana M.  |t Three Essays at the Intersection of Public Policy and Women's Reproductive Health and Well-Being  |d [Erscheinungsort nicht ermittelbar] : University of North Carolina at Chapel Hill, 2011  |w (DE-627)1912724308 
856 4 0 |u https://doi.org/10.3886/ICPSR24085.v2  |x Resolving-System  |z kostenfrei  |3 Volltext  |7 0 
935 |a mkri 
951 |a BO 
ELC |a 1 
LOK |0 000 xxxxxcx a22 zn 4500 
LOK |0 001 4296800418 
LOK |0 003 DE-627 
LOK |0 004 1840052864 
LOK |0 005 20230324125227 
LOK |0 008 230324||||||||||||||||ger||||||| 
LOK |0 035   |a (DE-2619)ICPSR24085 
LOK |0 040   |a DE-2619  |c DE-627  |d DE-2619 
LOK |0 092   |o n 
LOK |0 852   |a DE-2619 
LOK |0 852 1  |9 00 
LOK |0 935   |a stat  |a foda  |a nacj 
LOK |0 939   |a 2023-03-24  |b l01 
OAS |a 1 
ORI |a WA-MARC-krimdoka001.raw 
TIM |a 100019990101_100019991231  |b 1999 - 1999